Poetry of Keki N. Daruwalla : (Record no. 4547)
[ view plain ]
| 000 -LEADER | |
|---|---|
| fixed length control field | 00717cam a2200241ua 4500 |
| 008 - FIXED-LENGTH DATA ELEMENTS--GENERAL INFORMATION | |
| fixed length control field | 191012n ii |||gr||||Z||||||eng |
| 020 ## - INTERNATIONAL STANDARD BOOK NUMBER | |
| International Standard Book Number | 81-7646-294-2 |
| 040 ## - CATALOGING SOURCE | |
| Transcribing agency | MAIN |
| 041 ## - LANGUAGE CODE | |
| -- | eng |
| 082 ## - DEWEY DECIMAL CLASSIFICATION NUMBER | |
| Classification number | 821.54 |
| 100 ## - MAIN ENTRY--PERSONAL NAME | |
| Personal name | Sinha, Ravi Nandan, |
| Dates associated with a name | 1952-, |
| Relator term | |
| 245 ## - TITLE STATEMENT | |
| Title | Poetry of Keki N. Daruwalla : |
| Remainder of title | a critical study / |
| Statement of responsibility, etc. | by Ravi Nandan Sinha . |
| 250 ## - EDITION STATEMENT | |
| Remainder of edition statement | Indian writers series. |
| 260 ## - PUBLICATION, DISTRIBUTION, ETC. | |
| Place of publication, distribution, etc. | Delhi: |
| Name of publisher, distributor, etc. | B.R. publishing corporation, |
| Date of publication, distribution, etc. | 2002. |
| 300 ## - PHYSICAL DESCRIPTION | |
| Extent | xiv,173p. |
| 700 ## - ADDED ENTRY--PERSONAL NAME | |
| Personal name | Dwivedi, A.N., |
| Relator term | |
| 942 ## - ADDED ENTRY ELEMENTS (KOHA) | |
| Koha item type | Books |
| 653 ## - INDEX TERM--UNCONTROLLED | |
| Uncontrolled term | Indian literature in English |
| 653 ## - INDEX TERM--UNCONTROLLED | |
| Uncontrolled term | Indian poetry in English |
| 653 ## - INDEX TERM--UNCONTROLLED | |
| Uncontrolled term | Poetry of N. Daruwalla |
| 653 ## - INDEX TERM--UNCONTROLLED | |
| Uncontrolled term | Indian English poetry |
| Withdrawn status | Lost status | Damaged status | Not for loan | Home library | Current library | Shelving location | Date acquired | Total Checkouts | Full call number | Barcode | Date last seen | Copy number | Price effective from | Koha item type |
|---|---|---|---|---|---|---|---|---|---|---|---|---|---|---|
| Central Library, Naharkatiya College | Central Library, Naharkatiya College | General Stacks | 19/09/2020 | 821.54English poetry | SIN | 20709 | 19/09/2020 | 1 | 19/09/2020 | Books |
